LEADER 01623nam2 22003013i 450 001 MIL0053760 005 20251003044220.0 010 $a8820718642 100 $a19910610d1989 ||||0itac50 ba 101 | $aita 102 $ait 181 1$6z01$ai $bxxxe 182 1$6z01$an 200 0 $a2.1$fPaolo Marcellini, Carlo Sbordone 210 $aNapoli$cLiguori$d1989 215 $a372 p.$d24 cm. 461 1$1001CFI0062294$12001 $aEsercitazioni di matematica$fPaolo Marcellini, Carlo Sbordone$v2.1 606 $aMatematica$xEsercizi$2FIR$3CFIC006232$9E 606 $aAnalisi matematica$xEsercizi$2FIR$3CFIC000581$9E 676 $a510.76$9MATEMATICA. Prontuari scolastici ed esercizi$v14 801 3$aIT$bIT-000000$c19910610 850 $aIT-BN0095 $aIT-NA0079 $aIT-NA0070 901 $bNAP BN$cMAGAZZINO $nmagazzini correnti divisi per anni 912 $aMIL0053760 950 2$aBiblioteca Centralizzata di Ateneo$cv. 1-2 in 4 tomi in pił copie$d 01SALA DING 510.76 MAR.es$e 0102 0000015315 VMA (0002.1 bis v. 2.1 (2. rist., 1992; 2. copia)$fA $h19941213$i19941213$cv. 1-2 in 4 tomi in pił copie$d 01SALA DING 510.76 MAR.es$e 0102 0000000285 VMA (0002.1 v. 2.1 (2. rist., 1992)$fB $h19930209$i19930209$cv. 1-2 in 4 tomi in pił copie$d 01SALA DING 510.76 MAR.es$e 0104 9000001325 VMA (0002.1 ter v. 2.1 (3. rist. 1992; 3. copia. - Precedente collocazione LT 515 MAR.es (2.1. - Collocato in SALA DING)$fA $h20071030$i20071030 977 $a 01$a BN$a BU 996 $a2.1$961324 997 $aUNISANNIO LEADER 03312nam 22005175 450 001 9910337607503321 005 20251113182631.0 010 $a3-030-20816-8 024 7 $a10.1007/978-3-030-20816-5 035 $a(CKB)4100000008409998 035 $a(MiAaPQ)EBC5788421 035 $a(DE-He213)978-3-030-20816-5 035 $a(EXLCZ)994100000008409998 100 $a20190611d2019 u| 0 101 0 $aeng 135 $aurcnu|||||||| 181 $ctxt$2rdacontent 182 $cc$2rdamedia 183 $acr$2rdacarrier 200 10$aSecure Image Transmission in Wireless Sensor Network (WSN) Applications /$fby K. Shankar, Mohamed Elhoseny 205 $a1st ed. 2019. 210 1$aCham :$cSpringer International Publishing :$cImprint: Springer,$d2019. 215 $a1 online resource (168 pages) 225 1 $aLecture Notes in Electrical Engineering,$x1876-1119 ;$v564 311 08$a3-030-20815-X 327 $aIntroduction -- An Optimal Light Weight Cryptography - SIMON Block Cipher for Secure Image Transmission in Wireless Sensor Networks -- An Optimal Lightweight RECTANGLE Block Cipher for Secure Image Transmission in Wireless Sensor Networks -- An Optimal Lightweight Cryptographic Hash Function for Secure Image Transmission in Wireless Sensor Networks -- An Optimal Haar Wavelet with Light Weight Cryptography based Secret Data Hiding on Digital Images in Wireless Sensor Networks. 330 $aThis book offers an essential guide to Wireless Sensor Networks, IoT Security, Image Processing, Secure Information Systems, and Data Encryption. In addition, it introduces students and aspiring practitioners to the subject of destination marketing in a structured manner. It is chiefly intended for researcher students in the areas of Wireless Sensor Networks and Secure Data Communication (including image encryption, and intrusion detection systems), academics at universities and colleges, IT professionals, policymakers and legislators. Given its content, the book can be used as a reference text for both undergraduate and graduate studies, in courses on Wireless Sensor Networks, Secure Image Processing, and Data Encryption applications. The book is written in plain and easy-to-follow language and explains each main concept the first time it appears, helping readers with no prior background in the field. As such, it is a ?must-read? guide to the subject matter. 410 0$aLecture Notes in Electrical Engineering,$x1876-1119 ;$v564 606 $aWireless communication systems 606 $aMobile communication systems 606 $aComputational intelligence 606 $aWireless and Mobile Communication 606 $aComputational Intelligence 615 0$aWireless communication systems. 615 0$aMobile communication systems. 615 0$aComputational intelligence. 615 14$aWireless and Mobile Communication. 615 24$aComputational Intelligence. 676 $a681.2 676 $a621.380414 700 $aShankar$b K$4aut$4http://id.loc.gov/vocabulary/relators/aut$0853035 702 $aElhoseny$b Mohamed$4aut$4http://id.loc.gov/vocabulary/relators/aut 906 $aBOOK 912 $a9910337607503321 996 $aSecure Image Transmission in Wireless Sensor Network (WSN) Applications$91942966 997 $aUNINA